| 000 | 00964nam a2200301 a 4500 | ||
|---|---|---|---|
| 001 | 000109904 | ||
| 003 | CHAP | ||
| 005 | 20220329144108.0 | ||
| 008 | 140606s2013 mx |rm |0|||||spa d | ||
| 010 | _a106366 | ||
| 011 | _a107338 | ||
| 040 | _cCHAP | ||
| 090 | _aTesis | ||
| 100 | 1 |
_aAdán Bautista, Omar _9127253 |
|
| 245 | 1 | 0 |
_aProducción de plántulas de piñón tropical (Jatropha curcas L.) en tierra lama con fertilizante foliar y extractos de estiércol / _cpor Omar Adán Bautista. |
| 260 |
_aCocula, Gro. : _bEl autor, _c2013. |
||
| 300 |
_axiii, 55 h. : _bil., gráfs., cuadros. |
||
| 502 | _aTesis (Ing. Agr. Fitotecnista) -- CSAEGro | ||
| 590 |
_aE6096MTM _b05 _c20140606 _lUCH01 _h1047 |
||
| 650 | 1 | 4 |
_aEstiércol como abono. _938315 |
| 650 | 1 | 4 |
_aFertilización foliar. _940445 |
| 650 | 1 | 4 |
_aPiñón. _988477 |
| 650 | 1 | 4 |
_aPlántulas. _989193 |
| 650 | 1 | 4 |
_aProducción vegetal. _9125387 |
| 901 | _aBK | ||
| 942 | _cTESIS | ||
| 942 | _n0 | ||
| 999 |
_c106366 _d106366 |
||